[Event "ch-Euro Seniors +65 Women"]
[Site "Rhodes GRE"]
[Date "2019.04.14"]
[Round "9.3"]
[White "Ristoja,Aulikki"]
[Black "Gaprindashvili,N1"]
[Result "0-1"]
[WhiteElo "1551"]
[BlackElo "2294"]

1.d4 g6 2.Bf4 Bg7 3.Nc3 d6 4.e3 Nd7 5.Bc4 e6 6.Nf3 Ne7 7.Bb3 b6 8.O-O Bb7
9.Qe2 O-O 10.Rad1 a6 11.e4 h6 12.Rfe1 Kh7 13.Bg3 Qe8 14.Nb1 Nf6 15.e5 Nh5
16.exd6 Nxg3 17.hxg3 cxd6 18.c3 b5 19.Nbd2 Qd8 20.Bc2 Qb6 21.Nh4 a5 22.Nf1 b4
23.g4 Rac8 24.Qd2 Bf6 25.Nf3 Bxf3 26.gxf3 bxc3 27.bxc3 Qc6 28.Rc1 Qxf3 29.Nh2 Qh3
30.Be4 Bg5 31.f4 Qg3+ 32.Qg2 Bxf4 33.Qxg3 Bxg3 34.Re2 Rc7 35.Rec2 Rfc8 36.Kg2 Bf4
37.Rf1 e5 38.Nf3 Kg7 39.dxe5 dxe5 40.Rd1 f5 41.gxf5 gxf5 42.Bd5 Rd8 43.c4 Rxd5
44.Rxd5 Nxd5 45.Re2 Ne3+ 46.Kh3 Kf6  0-1

[Event "World Senior 65+ w 2019"]
[Site "Bucharest ROU"]
[Date "2019.11.12"]
[Round "1.1"]
[White "Serjmyadag,D"]
[Black "Gaprindashvili,N1"]
[Result "0-1"]
[WhiteElo "1874"]
[BlackElo "2275"]

1.e4 b6 2.d4 Bb7 3.Nc3 e6 4.Bd3 g6 5.Nf3 Bg7 6.Be3 Ne7 7.Qd2 h6 8.Ne2 d5
9.e5 Nf5 10.Bxf5 gxf5 11.Nf4 Nd7 12.Nh5 Bf8 13.h3 Qe7 14.Bf4 c5 15.c3 cxd4
16.Qxd4 Qc5 17.O-O-O O-O-O 18.Kb1 Ba6 19.Qd2 Be7 20.Rhe1 Rdg8 21.Rg1 Kb7
22.Nd4 Bg5 23.Rde1 Qc7 24.Nf3 Qc4 25.g4 fxg4 26.hxg4 Nc5 27.Nxg5 hxg5 28.Be3 Nd3
29.Bd4 Nxe1 30.Qxe1 Qe2 31.Kc1 Rg6 32.Be3 Bd3 33.Qd2 Bc4 34.b3 Bd3 35.Ng3 Qxd2+
36.Kxd2 Bb5 37.Nh5 a5 38.f3 Bc6 39.Bd4 Ra8 40.Ke3 a4 41.b4 a3 42.f4 gxf4+
43.Kxf4 Bb5 44.Rg2 Bc4 45.Nf6 Rh8 46.Kg3 Kc6 47.Kf4 Rh1 48.Bg1 Rgh6 49.Nh5 Bf1
50.Rg3 Be2 51.Nf6 R6h3 52.Rxh3 Rxh3 53.Bd4 Bc4 54.Kg5 Bxa2 55.Ne8 Bc4  0-1

[Event "World Senior 65+ w 2019"]
[Site "Bucharest ROU"]
[Date "2019.11.13"]
[Round "2.1"]
[White "Gaprindashvili,N1"]
[Black "Sorokina,T"]
[Result "1-0"]
[WhiteElo "2275"]
[BlackElo "2064"]

1.d4 Nf6 2.c4 e6 3.Nc3 c5 4.d5 exd5 5.cxd5 d6 6.e4 a6 7.a4 g6 8.Be2 Bg7 9.Nf3 O-O
10.O-O Bg4 11.Bf4 Re8 12.Nd2 Bxe2 13.Qxe2 Nh5 14.Be3 Bd4 15.Qd3 Bxe3 16.Qxe3 f5
17.Nc4 Qc7 18.Qf3 Ng7 19.Qf4 Rd8 20.Rfe1 b6 21.Re2 Ra7 22.Rae1 Rb7 23.exf5 Nxf5
24.Re8+ Rxe8 25.Rxe8+ Kg7 26.Re6 Qf7 27.Nxd6 Nxd6 28.Qxd6 b5 29.Qe5+ Kh6
30.Ne4 bxa4 31.Nd6  1-0

[Event "World Senior 65+ w 2019"]
[Site "Bucharest ROU"]
[Date "2019.11.14"]
[Round "3.1"]
[White "Burchardt,B"]
[Black "Gaprindashvili,N1"]
[Result "0-1"]
[WhiteElo "2082"]
[BlackElo "2275"]

1.e4 c6 2.Nf3 d5 3.Nc3 Bg4 4.h3 Bxf3 5.Qxf3 e6 6.exd5 cxd5 7.Bb5+ Nc6 8.O-O Bd6
9.d4 Ne7 10.Ne2 O-O 11.c3 a6 12.Bxc6 Nxc6 13.Bf4 b5 14.Rfc1 Be7 15.Be3 Na5
16.Nf4 Nc4 17.Nd3 a5 18.Bf4 Qb6 19.Qg3 Rfc8 20.a3 b4 21.axb4 axb4 22.Rxa8 Rxa8
23.cxb4 Nd6 24.Nc5 Rd8 25.Qa3 Nc4 26.Qc3 h6 27.Ra1 Bd6 28.Bxd6 Nxd6 29.Ra6 Qb5
30.Qe1 Nf5 31.Qe5 Qc4 32.Qc7 Rf8 33.b5 Nxd4 34.Kh2 Nxb5 35.Qb6 Nd4 36.Ra4 Qb5
37.Qxb5 Nxb5 38.Rb4 Nd6 39.Rb6 Nc4 40.Rb7 Rd8 41.f4 g5 42.Kg3 Nd6 43.Rb4 Kg7
44.Kf3 Rc8 45.Nd3 Rc7 46.fxg5 hxg5 47.h4 gxh4 48.Rxh4 Rb7 49.Rg4+ Kf6 50.b4 e5
51.Nc5 e4+ 52.Kf4 Rxb4 53.Nd7+ Ke7 54.Ne5 Ke6 55.Nc6 Rc4 56.Na5 Ra4 57.Nb3 e3+
58.Kf3 e2 59.Nc5+ Kf5  0-1

[Event "World Senior 65+ w 2019"]
[Site "Bucharest ROU"]
[Date "2019.11.15"]
[Round "4.1"]
[White "Gaprindashvili,N1"]
[Black "Kozlovskaya,V"]
[Result "1-0"]
[WhiteElo "2275"]
[BlackElo "2130"]

1.d4 d5 2.c4 e6 3.Nf3 Nf6 4.Bg5 Be7 5.Nc3 c6 6.e3 O-O 7.Qc2 Nbd7 8.a3 Re8
9.h3 Nf8 10.Bf4 N6d7 11.Bd3 b6 12.cxd5 Bb7 13.dxe6 fxe6 14.O-O Bf6 15.Ne4 c5
16.dxc5 bxc5 17.Rfd1 Qb6 18.Nfd2 Bd5 19.Nxf6+ gxf6 20.e4 Bc6 21.Nc4 Qd8 22.Be2 Qe7
23.Na5 Rac8 24.Bd6 Qf7 25.Nxc6 Rxc6 26.Bxf8 Rxf8 27.Bb5 Rc7 28.Bxd7 Rxd7
29.Qxc5 Rc7 30.Qe3 Kh8 31.Rac1 Rb7 32.b4 Rg8 33.Qf3 a5 34.bxa5 Rb5 35.a6 Rb6
36.e5 Rxa6 37.Rd6 Ra5 38.Qxf6+ Qxf6 39.exf6 Rxa3 40.Rxe6 Rf8 41.Rc7  1-0

[Event "World Senior 65+ w 2019"]
[Site "Bucharest ROU"]
[Date "2019.11.16"]
[Round "5.1"]
[White "Gaprindashvili,N1"]
[Black "Pancu,Aureliana-Eugenia"]
[Result "0-1"]
[WhiteElo "2275"]
[BlackElo "1833"]

1.d4 d5 2.c4 c6 3.Nf3 Nf6 4.Qb3 dxc4 5.Qxc4 Bf5 6.g3 e6 7.Bg2 Nbd7 8.O-O Be7
9.e3 O-O 10.Qe2 Ne4 11.Nc3 Nxc3 12.bxc3 Be4 13.Rd1 Qa5 14.Bd2 Rfd8 15.Bf1 Qh5
16.Ne1 Qxe2 17.Bxe2 c5 18.a4 Rac8 19.f3 Bc6 20.Bb5 a6 21.Bxc6 Rxc6 22.a5 b5
23.axb6 Rxb6 24.Kf2 Ra8 25.Ra2 Kf8 26.Ke2 Ke8 27.Nd3 a5 28.Nb2 Rb3 29.Kd3 cxd4
30.exd4 Nb6 31.Kc2 Rb5 32.c4 Rc8 33.c5 Nd5 34.Nc4 Bxc5 35.Rxa5 Rxa5 36.Bxa5 Be7  0-1

[Event "World Senior 65+ w 2019"]
[Site "Bucharest ROU"]
[Date "2019.11.18"]
[Round "6.2"]
[White "Titorenko,N"]
[Black "Gaprindashvili,N1"]
[Result "0-1"]
[WhiteElo "2135"]
[BlackElo "2275"]

1.e4 b6 2.d4 Bb7 3.Bd3 e6 4.Nf3 g6 5.c3 Bg7 6.Bg5 Ne7 7.Qd2 h6 8.Bf4 d6 9.Na3 Nd7
10.Rd1 g5 11.Be3 Ng6 12.h4 g4 13.h5 gxf3 14.hxg6 fxg2 15.gxf7+ Kxf7 16.Rg1 Qh4
17.Bf4 Nf6 18.Qe3 Nh5 19.Bg3 Nxg3 20.Qxg3 Qxg3 21.fxg3 Bf6 22.Kf2 a6 23.Nc2 Rag8
24.Ne3 Ke7 25.Rxg2 b5 26.Bc2 h5 27.Rh1 Bg5 28.Ke2 c5 29.Rgg1 cxd4 30.cxd4 Rc8
31.Bb1 Bf6 32.Kd3 a5 33.Rc1 b4 34.Rxc8 Bxc8 35.Rd1 Ba6+ 36.Kc2 Rg8 37.g4 hxg4
38.b3 g3 39.Ng2 Rh8 40.Ne3 Rh2+  0-1

[Event "World Senior 65+ w 2019"]
[Site "Bucharest ROU"]
[Date "2019.11.19"]
[Round "7.1"]
[White "Fatalibekova,E"]
[Black "Gaprindashvili,N1"]
[Result "1-0"]
[WhiteElo "2152"]
[BlackElo "2275"]

1.e4 b6 2.d4 Bb7 3.Bd3 e6 4.Nf3 d6 5.c4 c5 6.d5 e5 7.Nc3 g6 8.O-O f6 9.Ne1 Nh6
10.g3 Bc8 11.f4 Bh3 12.Ng2 Nd7 13.f5 Bg7 14.Bd2 O-O 15.Qc1 g5 16.Re1 Bxg2
17.Kxg2 Nf7 18.Qd1 a6 19.a4 Re8 20.Qh5 Nf8 21.h4 Qe7 22.Bc2 Reb8 23.Rh1 h6
24.Bd3 Nh7 25.Qd1 Qd8 26.Be2 Ra7 27.Bh5 Nf8 28.Qe2 Nh8 29.Rhf1 Nh7 30.Rf2 Rab7
31.Raf1 Ra7 32.Qg4 Nf8 33.hxg5 hxg5 34.Rh1 Nf7 35.Qh3 Nh6 36.Be2 Nh7 37.Nd1 Bf8
38.Ne3 Qe7 39.Ng4 Nxg4 40.Qxg4 Qd8 41.Rh5 Rg7 42.Kg1 Rbb7 43.Rfh2 Qe8 44.b3 Be7
45.Qh3 Bd8 46.Rh6 Qd7 47.Bh5 b5 48.cxb5 axb5 49.a5 b4 50.a6 Ra7 51.Be2 Qf7
52.Bc4 Bb6 53.Kf1 Kf8 54.Ke2 Rc7 55.Qf1 Qe8 56.Qh1 Kg8 57.Kd3 Ra7 58.Rxf6 Nxf6
59.Rh8+ Kf7 60.Rxe8 Nxe8 61.Qh5+ Ke7 62.Bxg5+ Nf6 63.Bxf6+  1-0

[Event "World Senior 65+ w 2019"]
[Site "Bucharest ROU"]
[Date "2019.11.20"]
[Round "8.2"]
[White "Gaprindashvili,N1"]
[Black "Tsifanskaya,L"]
[Result "1/2-1/2"]
[WhiteElo "2275"]
[BlackElo "1981"]

1.d4 Nf6 2.c4 e6 3.Nf3 d5 4.Nc3 dxc4 5.e3 a6 6.a4 c5 7.Bxc4 Qc7 8.Qe2 Nc6
9.O-O Be7 10.Rd1 O-O 11.Bd2 b6 12.Rac1 Bb7 13.dxc5 bxc5 14.Be1 Nb4 15.e4  1/2-1/2

[Event "World Senior 65+ w 2019"]
[Site "Bucharest ROU"]
[Date "2019.11.21"]
[Round "9.2"]
[White "Dotan,V"]
[Black "Gaprindashvili,N1"]
[Result "0-1"]
[WhiteElo "1873"]
[BlackElo "2275"]

1.Nf3 g6 2.c4 d6 3.g3 e5 4.Bg2 Bg7 5.d3 Ne7 6.Nc3 h6 7.Bd2 c6 8.O-O O-O 9.Qc1 Kh7
10.b4 Be6 11.h3 d5 12.c5 Qd7 13.Kh2 Na6 14.a3 f5 15.e4 fxe4 16.dxe4 d4 17.Na4 Rab8
18.Nb2 b5 19.Ne1 Bb3 20.f3 Nc7 21.h4 Ng8 22.Bh3 Qe7 23.h5 g5 24.Bf5+ Kh8
25.Kg2 Be6 26.Bxe6 Qxe6 27.Qd1 Nf6 28.g4 Rf7 29.Ned3 Rbf8 30.Qe2 Nd7 31.Rac1 Bf6
32.a4 bxa4 33.Nxa4 Nb5 34.Nab2 Bd8 35.Nc4 Bc7 36.Kg3 Nc3 37.Bxc3 Qxc4 38.Bb2 Qb5
39.Ra1 a5 40.bxa5 Nxc5 41.Rad1 Nxd3 42.Rxd3 Bxa5 43.Qc2 c5 44.Rdd1 c4 45.Bxd4 exd4
46.Rxd4 Qe5+  0-1

[Event "World Senior 65+ w 2019"]
[Site "Bucharest ROU"]
[Date "2019.11.22"]
[Round "10.2"]
[White "Hrivnakova,A"]
[Black "Gaprindashvili,N1"]
[Result "0-1"]
[WhiteElo "1548"]
[BlackElo "2275"]

1.d4 d6 2.c4 Nd7 3.Nf3 e5 4.dxe5 dxe5 5.e3 Ngf6 6.a3 c6 7.Nc3 a5 8.Be2 e4
9.Nd2 Nc5 10.O-O a4 11.h3 Bd6 12.Qc2 Qe7 13.b3 axb3 14.Nxb3 Nxb3 15.Qxb3 Qe5
16.g3 Bxh3 17.Bb2 Qg5 18.Kh2 Bc8 19.Kg2 O-O 20.Rh1 Re8 21.Na4 Ng4 22.Bxg4 Bxg4
23.Rh4 Bf3+ 24.Kh2 Qxh4+  0-1

[Event "World Senior 65+ w 2019"]
[Site "Bucharest ROU"]
[Date "2019.11.23"]
[Round "11.1"]
[White "Gaprindashvili,N1"]
[Black "Bujinlkham,Purevdorj"]
[Result "1-0"]
[WhiteElo "2275"]
[BlackElo "1794"]

1.d4 d5 2.c4 e6 3.Nf3 Nf6 4.Bg5 Be7 5.Nc3 Nbd7 6.e3 O-O 7.Qc2 b6 8.cxd5 exd5
9.Bd3 Bb7 10.O-O Re8 11.Bf4 c6 12.h3 Nf8 13.Rfd1 Ng6 14.Be5 Nd7 15.Bg3 Ndf8
16.e4 f6 17.exd5 cxd5 18.Bb5 a6 19.Bxe8 Qxe8 20.Qb3 Qc6 21.Rac1 b5 22.Ne4 Qb6
23.Nc5 Bc6 24.Re1 a5 25.a4 b4 26.Rc2 Rd8 27.h4 Bd6 28.h5 Nf4 29.h6 g5 30.Ne4 Kf7
31.Nxd6+ Rxd6 32.Bxf4 gxf4 33.Rec1 Ne6 34.Qd3 Nf8 35.b3 Ng6 36.Qf5 Bd7 37.Rc7 Nf8
38.Ne5+  1-0